Virgin Atlantic Airways Destinations - Statistics

General Stats
  • This quiz has been taken 106 times
    46 since last reset
  • The average score is 25 of 33
Answer Stats
Country City % Correct
Canada Toronto
97%
India Mumbai
94%
India Delhi
91%
United States Los Angeles
91%
United States New York City
91%
United States Seattle
91%
United States Boston
89%
United Kingdom London
89%
United States Miami
89%
United States Orlando
89%
United States San Francisco
89%
United Arab Emirates Dubai
86%
United States Washington D.C.
86%
Mexico Cancún
83%
South Africa Cape Town
83%
United Kingdom Edinburgh
83%
South Africa Johannesburg
83%
Nigeria Lagos
80%
United Kingdom Manchester
80%
Maldives Malé
77%
United States Atlanta
74%
Barbados Bridgetown
74%
United States Las Vegas
74%
Saudi Arabia Riyadh
74%
United States Tampa
71%
Israel Tel Aviv
69%
Jamaica Montego Bay
60%
St. Vincent and theGrenadines Kingstown
57%
Antigua and Barbuda St. John's
57%
Grenada St. George's
49%
St. Lucia Vieux Fort
46%
Turks and Caicos Providenciales
34%
India Bangaluru
11%
No matching quizzes found
Score Distribution
Percent of People with Each Score
Percentile by Number Answered
Your Score History
You have not taken this quiz since the last reset